[Event "GER-chT U16 Girls"]
[Site "Neumuenster"]
[Date "2022.12.28"]
[Round "4"]
[White "Sinner, Joselyne"]
[Black "Czaeczine, Laura"]
[Result "1/2-1/2"]
[WhiteElo "1450"]
[BlackElo "1323"]
[PlyCount "99"]
[EventDate "2022.12.26"]
[EventType "team-swiss"]
[EventRounds "7"]
[EventCountry "GER"]
[SourceTitle "CBM 212 Extra"]
[Source "ChessBase"]
[SourceDate "2023.03.31"]
[SourceVersion "1"]
[SourceVersionDate "2023.03.31"]
[SourceQuality "1"]
[WhiteTeam "Porz SG"]
[BlackTeam "Chemnitz Aufbau"]
[WhiteTeamCountry "GER"]
[BlackTeamCountry "GER"]

1. e4 e5 2. Nf3 Nc6 3. Bc4 Nf6 4. d3 Bc5 5. c3 0-0 6. Bg5 d6 7. Nbd2 h6 8. Bh4 Be6 9. Bb5 Re8 10. d4 exd4 11. cxd4 Bb6 12. d5 Bxd5 13. 0-0 Bxe4 14. Nxe4 Rxe4 15. Qc2 Rb4 16. Bxf6 Qxf6 17. Bxc6 bxc6 18. Qxc6 Rb8 19. b3 Qb2 20. Qd5 Bxf2+ 21. Kh1 Be3 22. Rae1 Rg4 23. g3 Bf2 24. Re7 Rf8 25. Qd2 Qxd2 26. Nxd2 Bb6 27. Nc4 a5 28. Nxb6 cxb6 29. Rb7 Rb4 30. Rd7 Rd4 31. Rb7 d5 32. Rxb6 a4 33. b4 Rd8 34. Kg2 a3 35. Rf3 Rd2+ 36. Rf2 Rb2 37. Ra6 Rxb4 38. Rxa3 Rd4 39. Kf3 g5 40. Ke3 Re4+ 41. Kd3 h5 42. Ra7 h4 43. Rfxf7 hxg3 44. hxg3 Rg4 45. Rg7+ Kf8 46. Raf7+ Ke8 47. Rf3 Rd6 48. Rg8+ Ke7 49. Rg7+ Ke8 50. Rg8+ 1/2-1/2

[Event "GER-chT U16 Girls"]
[Site "Neumuenster"]
[Date "2022.12.27"]
[Round "1"]
[White "Czaeczine, Laura"]
[Black "Henzel, Leonie"]
[Result "1-0"]
[WhiteElo "1323"]
[BlackElo "1275"]
[PlyCount "81"]
[EventDate "2022.12.26"]
[EventType "team-swiss"]
[EventRounds "7"]
[EventCountry "GER"]
[SourceTitle "CBM 212 Extra"]
[Source "ChessBase"]
[SourceDate "2023.03.31"]
[SourceVersion "1"]
[SourceVersionDate "2023.03.31"]
[SourceQuality "1"]
[WhiteTeam "Chemnitz Aufbau"]
[BlackTeam "Paderborn Akademie"]
[WhiteTeamCountry "GER"]
[BlackTeamCountry "GER"]

1. e4 e6 2. d4 d5 3. e5 c5 4. c3 Qb6 5. Nf3 Nc6 6. Bd3 Bd7 7. 0-0 cxd4 8. cxd4 Nxd4 9. Nbd2 Rc8 10. Nxd4 Qxd4 11. Nf3 Qb6 12. a3 Ne7 13. Be3 Qd8 14. b4 a6 15. a4 Nc6 16. b5 axb5 17. axb5 Nb4 18. Ra7 Nxd3 19. Qxd3 b6 20. Rb7 Bc5 21. Bg5 Be7 22. Bxe7 Qxe7 23. Rxb6 0-0 24. Rb7 Rb8 25. Rxb8 Rxb8 26. Rb1 Qc5 27. Nd4 g6 28. h3 Kg7 29. g4 f6 30. exf6+ Kxf6 31. Qf3+ Ke7 32. Qe3 Kd6 33. Qf4+ e5 34. Qf6+ Kc7 35. Qxe5+ Kc8 36. Qe3 Bxb5 37. Rc1 Bc4 38. Qe8+ Kb7 39. Rb1+ Bb5 40. Rxb5+ Ka8 41. Qxb8# 1-0

[Event "GER-ch U12 Girls"]
[Site "Willingen"]
[Date "2020.10.31"]
[Round "7"]
[White "Jacobasch, Ronja"]
[Black "Czaeczine, Laura"]
[Result "1-0"]
[WhiteElo "1549"]
[BlackElo "1309"]
[PlyCount "107"]
[EventDate "2020.10.26"]
[EventType "swiss"]
[EventRounds "7"]
[EventCountry "GER"]
[SourceTitle "CBM 199 Extra"]
[Source "ChessBase"]
[SourceDate "2021.01.31"]
[SourceVersion "1"]
[SourceVersionDate "2021.01.31"]
[SourceQuality "1"]

1. Nf3 d5 2. g3 c5 3. Bg2 Nc6 4. d3 e5 5. 0-0 h5 6. Nbd2 Be7 7. e4 h4 8. Re1 hxg3 9. fxg3 Bg4 10. exd5 Qxd5 11. Nc4 Qe6 12. Qd2 Bxf3 13. Bxf3 Nd4 14. Bxb7 Rb8 15. Bg2 f6 16. c3 Nf5 17. Qc2 Kf8 18. Rf1 Nd6 19. Nxd6 Bxd6 20. Qa4 Qf7 21. Qc6 Rd8 22. Be3 Ne7 23. Qb7 Qh5 24. h3 Qg6 25. Bf2 Nf5 26. Qe4 Qg5 27. h4 Qg6 28. Bh3 Nxh4 29. Qxg6 Nxg6 30. Bg2 Be7 31. Be4 Kf7 32. a3 a5 33. c4 Nf8 34. Be1 Ra8 35. Bxa8 g5 36. Bxa5 Kg6 37. Be4+ Kh5 38. Kg2 Rg8 39. Bf5 g4 40. b4 Kh6 41. b5 Bd6 42. Bd2+ Kg7 43. a4 Kf7 44. a5 Ne6 45. Bxe6+ Kxe6 46. a6 Ra8 47. b6 Kd7 48. Rxf6 e4 49. b7 Ra7 50. Bf4 Kc7 51. Bxd6+ Kd7 52. b8Q Rxa6 53. Qb7+ Kd8 54. Rf8# 1-0

[Event "GER-ch U12 Girls"]
[Site "Willingen"]
[Date "2020.10.30"]
[Round "6"]
[White "Czaeczine, Laura"]
[Black "Modali, Nikhilamrutha"]
[Result "1-0"]
[WhiteElo "1309"]
[BlackElo "1193"]
[PlyCount "51"]
[EventDate "2020.10.26"]
[EventType "swiss"]
[EventRounds "7"]
[EventCountry "GER"]
[SourceTitle "CBM 199 Extra"]
[Source "ChessBase"]
[SourceDate "2021.01.31"]
[SourceVersion "1"]
[SourceVersionDate "2021.01.31"]
[SourceQuality "1"]

1. e4 c6 2. d4 d5 3. exd5 cxd5 4. c4 Nf6 5. Nf3 Bf5 6. Be2 e6 7. Nc3 Bd6 8. 0-0 0-0 9. Bg5 Nbd7 10. cxd5 exd5 11. Nxd5 Rc8 12. Bb5 h6 13. Bh4 g5 14. Bg3 Bxg3 15. Nxf6+ Nxf6 16. fxg3 Qb6 17. Ba4 Qxb2 18. Bb3 Qa3 19. Ne5 Nd5 20. Bxd5 Qe3+ 21. Kh1 Be6 22. Bxe6 fxe6 23. Qh5 Rxf1+ 24. Rxf1 Rc1 25. Qg6+ Kh8 26. Nf7# 1-0

[Event "GER-ch U12 Girls"]
[Site "Willingen"]
[Date "2020.10.28"]
[Round "3"]
[White "Bangiev, Katharina"]
[Black "Czaeczine, Laura"]
[Result "1-0"]
[WhiteElo "1539"]
[BlackElo "1309"]
[PlyCount "77"]
[EventDate "2020.10.26"]
[EventType "swiss"]
[EventRounds "7"]
[EventCountry "GER"]
[SourceTitle "CBM 199 Extra"]
[Source "ChessBase"]
[SourceDate "2021.01.31"]
[SourceVersion "1"]
[SourceVersionDate "2021.01.31"]
[SourceQuality "1"]

1. e4 e5 2. Nf3 Nc6 3. Nc3 Nf6 4. g3 d5 5. exd5 Nxd5 6. Bg2 Bg4 7. 0-0 Nxc3 8. bxc3 Qd7 9. d3 0-0-0 10. Be3 Qe6 11. Qc1 f6 12. Qb2 h5 13. h4 g5 14. hxg5 Bxf3 15. Bxf3 h4 16. Qb3 Qh3 17. Bd5 Re8 18. Rab1 Na5 19. Bxb7+ Kd7 20. Qd5+ Bd6 21. Qxa5 hxg3 22. Rfe1 gxf2+ 23. Kxf2 Qh2+ 24. Bg2 fxg5 25. Qb5+ Ke7 26. Bxg5+ Kf8 27. Qd5 Qh5 28. Qf3+ Kg8 29. Qxh5 Rxh5 30. Bd5+ Kg7 31. Rg1 Kh7 32. Ke2 Bc5 33. Be4+ Kg7 34. Be3+ Kf7 35. Bg6+ Ke6 36. Bxh5 Bxe3 37. Kxe3 Rh8 38. Rg6+ Kf5 39. Rf1# 1-0

[Event "GER-ch U12 Girls"]
[Site "Willingen"]
[Date "2020.10.28"]
[Round "2"]
[White "Czaeczine, Laura"]
[Black "Moldovan, Tatiana"]
[Result "1-0"]
[WhiteElo "1309"]
[BlackElo "1516"]
[PlyCount "111"]
[EventDate "2020.10.26"]
[EventType "swiss"]
[EventRounds "7"]
[EventCountry "GER"]
[SourceTitle "CBM 199 Extra"]
[Source "ChessBase"]
[SourceDate "2021.01.31"]
[SourceVersion "1"]
[SourceVersionDate "2021.01.31"]
[SourceQuality "1"]

1. e4 c5 2. Nf3 a6 3. c3 e6 4. d4 d5 5. e5 Bd7 6. a3 cxd4 7. cxd4 Bb5 8. Bxb5+ axb5 9. 0-0 Nc6 10. Nc3 b4 11. Nb5 bxa3 12. bxa3 Na7 13. Nc3 h6 14. Qa4+ Nc6 15. Qb5 Qd7 16. Bb2 Ra5 17. Qd3 Nge7 18. Nb5 Ng6 19. g3 Be7 20. Rfb1 Ncxe5 21. dxe5 Rxb5 22. Nd4 Rb6 23. Nc2 0-0 24. a4 Rc8 25. a5 Rb5 26. Nd4 Rb4 27. Nc2 Rbc4 28. Ne3 R4c6 29. Bd4 Qc7 30. f4 Bc5 31. Bxc5 Rxc5 32. Kg2 Rc3 33. Qe2 d4 34. Qf3 dxe3 35. Rxb7 Qc6 36. Qxc6 R3xc6 37. Kf3 R6c7 38. a6 Rxb7 39. axb7 Rb8 40. Ra8 Rxa8 41. bxa8Q+ Nf8 42. Kxe3 g6 43. g4 Kg7 44. g5 h5 45. Qd8 Kg8 46. Kd4 Kg7 47. Kc5 Kg8 48. Kd6 Kg7 49. Qf6+ Kg8 50. Ke7 Nh7 51. Qxf7+ Kh8 52. Qxg6 h4 53. h3 Nf8 54. Qh6+ Nh7 55. g6 Kg8 56. Qxh7# 1-0

[Event "GER-ch U12 Girls"]
[Site "Willingen"]
[Date "2020.10.27"]
[Round "1"]
[White "Haug, Mara"]
[Black "Czaeczine, Laura"]
[Result "1-0"]
[WhiteElo "1366"]
[BlackElo "1309"]
[PlyCount "123"]
[EventDate "2020.10.26"]
[EventType "swiss"]
[EventRounds "7"]
[EventCountry "GER"]
[SourceTitle "CBM 199 Extra"]
[Source "ChessBase"]
[SourceDate "2021.01.31"]
[SourceVersion "1"]
[SourceVersionDate "2021.01.31"]
[SourceQuality "1"]

1. e4 e5 2. Nf3 Nc6 3. Bc4 Nf6 4. d4 exd4 5. 0-0 Nxe4 6. Re1 d5 7. Bxd5 Qxd5 8. Nc3 Qh5 9. Nxe4 Be6 10. Bg5 Bd6 11. Nxd6+ cxd6 12. Bf4 Qd5 13. c3 0-0 14. Nxd4 Nxd4 15. Qxd4 Qxd4 16. cxd4 Rfd8 17. b3 Rac8 18. Rac1 d5 19. h3 h6 20. a4 g5 21. Bd2 a6 22. f4 gxf4 23. Bxf4 Kh7 24. Rf1 Rg8 25. Kh2 Rge8 26. Bd6 Rxc1 27. Rxc1 Rc8 28. Rxc8 Bxc8 29. Kg3 Kg6 30. Kf4 Kf6 31. g4 a5 32. Bc7 Kg6 33. Bxa5 h5 34. Bd8 f5 35. g5 Bd7 36. h4 b5 37. axb5 Bxb5 38. Bc7 Ba6 39. Ke5 Bb7 40. Ke6 Ba8 41. b4 Bb7 42. b5 Ba8 43. Bf4 Bb7 44. Kd7 Ba8 45. Kc7 Kf7 46. b6 Kg7 47. b7 Bxb7 48. Kxb7 Kf7 49. Kc6 Ke6 50. Kc5 Ke7 51. Kxd5 Kd7 52. Kc5 Ke7 53. Kc6 Ke8 54. Kc7 Ke7 55. d5 Kf7 56. d6 Ke6 57. d7 Kd5 58. d8Q+ Ke4 59. Qd2 Kf3 60. Qe3+ Kg2 61. Qg3+ Kh1 62. Qh2# 1-0

[Event "GER-ch U10 Girls"]
[Site "Willingen"]
[Date "2018.05.26"]
[Round "11"]
[White "Czaeczine, Laura"]
[Black "Proettel, Ela"]
[Result "0-1"]
[WhiteElo "1171"]
[BlackElo "1125"]
[PlyCount "68"]
[EventDate "2018.05.19"]
[EventType "swiss"]
[EventRounds "11"]
[EventCountry "GER"]
[SourceTitle "CBM 184 Extra"]
[Source "ChessBase"]
[SourceDate "2018.06.28"]
[SourceVersion "1"]
[SourceVersionDate "2018.06.28"]
[SourceQuality "1"]

1. e4 c5 2. Nf3 d6 3. d4 cxd4 4. c3 d3 5. Bxd3 Nc6 6. 0-0 g6 7. Qe2 Bg7 8. Rd1 Qc7 9. Bf4 e5 10. Be3 Nf6 11. c4 0-0 12. Nc3 Bg4 13. h3 Bxf3 14. Qxf3 Qd7 15. Bg5 Qe6 16. Bxf6 Qxf6 17. Qe3 Rac8 18. Nd5 Qe6 19. Rac1 b6 20. Rc3 Nd4 21. Ra3 Qd7 22. Rc1 f5 23. Rcc3 f4 24. Qd2 f3 25. Bf1 fxg2 26. Bxg2 Rf7 27. Rg3 Rcf8 28. Qd3 Rxf2 29. b4 Ne2+ 30. Kh2 Nxg3 31. Kxg3 Qf7 32. Qd1 h5 33. Bf3 Rb2 34. Be2 Qf2# 0-1

[Event "GER-ch U10 Girls"]
[Site "Willingen"]
[Date "2018.05.25"]
[Round "9"]
[White "Czaeczine, Laura"]
[Black "Bako, Evelin"]
[Result "1-0"]
[WhiteElo "1171"]
[BlackElo "971"]
[PlyCount "57"]
[EventDate "2018.05.19"]
[EventType "swiss"]
[EventRounds "11"]
[EventCountry "GER"]
[SourceTitle "CBM 184 Extra"]
[Source "ChessBase"]
[SourceDate "2018.06.28"]
[SourceVersion "1"]
[SourceVersionDate "2018.06.28"]
[SourceQuality "1"]

1. e4 e5 2. Nf3 Nf6 3. d4 Nxe4 4. dxe5 d5 5. Nbd2 Nc5 6. Nd4 Nc6 7. N2f3 Bg4 8. Be2 Be7 9. Bf4 0-0 10. 0-0 Ne4 11. Re1 Bc5 12. Rc1 Bxf3 13. Nxc6 bxc6 14. Rf1 Bxe2 15. Qxe2 Rb8 16. Qg4 Kh8 17. b3 Rb4 18. Rcd1 Nc3 19. Rd3 Ne2+ 20. Qxe2 Rxf4 21. Qh5 g6 22. Qh6 Rf5 23. g4 Rxe5 24. Rh3 Bxf2+ 25. Rxf2 Re1+ 26. Kg2 Rg1+ 27. Kxg1 Qh4 28. Rxh4 g5 29. Qxh7# 1-0

[Event "GER-ch U10 Girls"]
[Site "Willingen"]
[Date "2018.05.25"]
[Round "10"]
[White "Mirnaya, Veronika"]
[Black "Czaeczine, Laura"]
[Result "0-1"]
[WhiteElo "1036"]
[BlackElo "1171"]
[PlyCount "64"]
[EventDate "2018.05.19"]
[EventType "swiss"]
[EventRounds "11"]
[EventCountry "GER"]
[SourceTitle "CBM 184 Extra"]
[Source "ChessBase"]
[SourceDate "2018.06.28"]
[SourceVersion "1"]
[SourceVersionDate "2018.06.28"]
[SourceQuality "1"]

1. e4 e5 2. Nf3 Nc6 3. Bc4 Nf6 4. d4 exd4 5. 0-0 Nxe4 6. Re1 d5 7. Bxd5 Qxd5 8. Nc3 Qh5 9. Nxe4 Be6 10. Neg5 0-0-0 11. Nxe6 fxe6 12. Rxe6 Qg4 13. Qe1 Bd6 14. Re4 Qg6 15. Qe2 Bc5 16. Bd2 Rd5 17. c4 Rd6 18. a3 d3 19. Qe1 Rf8 20. Rf4 Re8 21. Qd1 Re2 22. Nh4 Qh5 23. Nf5 g5 24. Nxd6+ Bxd6 25. Be3 gxf4 26. Bc1 f3 27. g3 Nd4 28. Rb1 Nf5 29. Bd2 Nxg3 30. hxg3 Bxg3 31. fxg3 Qh2+ 32. Kf1 Qf2# 0-1

[Event "GER-ch U10 Girls"]
[Site "Willingen"]
[Date "2018.05.24"]
[Round "8"]
[White "Scherer, Pia"]
[Black "Czaeczine, Laura"]
[Result "0-1"]
[WhiteElo "740"]
[BlackElo "1171"]
[PlyCount "62"]
[EventDate "2018.05.19"]
[EventType "swiss"]
[EventRounds "11"]
[EventCountry "GER"]
[SourceTitle "CBM 184 Extra"]
[Source "ChessBase"]
[SourceDate "2018.06.28"]
[SourceVersion "1"]
[SourceVersionDate "2018.06.28"]
[SourceQuality "1"]

1. e4 e5 2. Nf3 Nc6 3. Nc3 Nf6 4. Bb5 Bb4 5. a3 Ba5 6. d3 d6 7. Bg5 Bd7 8. 0-0 Bxc3 9. bxc3 0-0 10. d4 Re8 11. d5 Nb8 12. Bxd7 Nbxd7 13. Nh4 Nc5 14. f4 Ncxe4 15. Qe1 Qd7 16. fxe5 Rxe5 17. Bxf6 Nxf6 18. Qg3 Nh5 19. Qd3 Rg5 20. Rf2 Re8 21. Nf5 Re5 22. Nh4 Rxd5 23. Qe3 Rde5 24. Qf3 Qe6 25. Raf1 Nf6 26. Qxb7 h6 27. Rb1 Re3 28. Qa8+ Kh7 29. Rb8 Re1+ 30. Rf1 Qe3+ 31. Kh1 Rxf1# 0-1

[Event "GER-ch U10 Girls"]
[Site "Willingen"]
[Date "2018.05.23"]
[Round "7"]
[White "Czaeczine, Laura"]
[Black "Hoffmann, Sophia"]
[Result "0-1"]
[WhiteElo "1171"]
[BlackElo "1072"]
[PlyCount "62"]
[EventDate "2018.05.19"]
[EventType "swiss"]
[EventRounds "11"]
[EventCountry "GER"]
[SourceTitle "CBM 184 Extra"]
[Source "ChessBase"]
[SourceDate "2018.06.28"]
[SourceVersion "1"]
[SourceVersionDate "2018.06.28"]
[SourceQuality "1"]

1. e4 e5 2. Nf3 Nc6 3. d4 exd4 4. c3 Bc5 5. cxd4 Bb4+ 6. Nc3 Nf6 7. Bd3 Qe7 8. 0-0 Bxc3 9. bxc3 h6 10. Bf4 b6 11. Bxc7 d6 12. d5 Ne5 13. Qa4+ Nfd7 14. Bxb6 Nxd3 15. Bxa7 0-0 16. Qd4 Ba6 17. Rfd1 Nf4 18. Qe3 Ng6 19. Bd4 f5 20. Nd2 fxe4 21. Nxe4 Rfe8 22. Re1 Qh4 23. Qf3 Rf8 24. Qe3 Rae8 25. f3 Nf4 26. g3 Nh3+ 27. Kg2 Qh5 28. Rac1 Ng5 29. g4 Qh3+ 30. Kh1 Nxf3 31. Red1 Qxh2# 0-1